| 000 | 00000nam##2200000za#4500 |
| 001 | 9.679306 |
| 003 | CaOODSP |
| 005 | 20250319165113 |
| 007 | ta |
| 008 | 150407|1994||||xxc||||| f|0| 0 fre|d |
| 020 | |a0-662-99385-3 |
| 040 | |aCaOODSP|bfre |
| 043 | |an-cn--- |
| 086 | 1 |aH72-21/114-1994F |
| 110 | 2 |aCentre national d'information sur la violence dans la famille (Canada) |
| 245 | 10|aLes personnes âgées et la violence dont elles sont victimes: de la participation à la responsabilisation / |cPréparé par ARA Consulting Group Inc. |
| 260 | |aOttawa - Ontario : |bSanté Canada. |c1994. |
| 300 | |a22p. : |c28 cm. |
| 500 | |a«Le présent document vise principalement à analyser la participation des personnes âgées et leur responsabilisation relativement à la violence dont elles sont victimes. [...] L'objectif du document consiste aussi à recueillir diverses opinions sur la participation et la responsabilisation des personnes âgées quant à la prévention et au traitement de la violence, auprès des responsables de programmes actuellement financés par la Division de la prévention de la violence familiale et d'autres spécialistes du domaine. Finalement, le document suggère des questions à approfondir dans le cadre de l'Initiative de lutte contre la violence familiale relativement à la participation des personnes âgées à la lutte contre la violence.»--Introduction. |
| 504 | |aBibliographie. |
| 520 | 3 |aLe présent document vise principalement à analyser la participation des personnes âgées et leur responsabilisation relativement à la violence dont elles sont victimes. [...] L'objectif du document consiste aussi à recueillir diverses opinions sur la participation et la responsabilisation des personnes âgées quant à la prévention et au traitement de la violence, auprès des responsables de programmes actuellement financés par la Division de la prévention de la violence familiale et d'autres spécialistes du domaine. Finalement, le document suggère des questions à approfondir dans le cadre de l'Initiative de lutte contre la violence familiale relativement à la participation des personnes âgées à la lutte contre la violence.--Introduction |
| 563 | |aCouverture souple |
| 590 | |a94-38|b1994-09-23 |
| 691 | 07|aAîné|2gcpds |
| 691 | 07|aCondition de la personne âgée|2gcpds |
| 775 | 08|tOlder Canadians and the abuse of seniors: a continuum from participation to empowerment / |w(CaOODSP)9.645654 |
| 776 | 0#|tLes personnes âgées et la violence dont elles sont victimes : |w(CaOODSP)9.639674 |